Statistiques concernant TOP 10 des pays les plus souvent qualifiés à la Coupe du monde

Cliquez ici pour prendre le quiz!

Statistiques générales

  • Ce quiz a été pris 709 fois
  • Le résultat moyen est 9 sur 10

Statistiques - réponses

HintRéponse% Correct
6La France : 16 fois qualifiée
100%
1Le Brésil : 22 fois qualifiée
99%
2L'Allemagne : 20 fois qualifiée
98%
4L'Argentine : 18 fois qualifiée
98%
7L'Espagne : 16 fois qualifiée
96%
3L'Italie : 18 fois qualifiée
95%
8L'Angleterre : 16 fois qualifiée
90%
9L'Uruguay : 14 fois qualifiée
76%
10La Belgique : 14 fois qualifiée
73%
5Le Mexique : 16 fois qualifiée
66%

Distribution des résultats

Percentile par nombre de réponses

% des personnes avec chaque résultat

Votre développement - résultats

Vous n’avez pas pris ce quiz